| 000 | 005710000a22001810004500 | ||
|---|---|---|---|
| 090 |
_aAR _b02828 |
||
| 245 | 1 | 0 | _aMovement corridors: conservation bargains or poor investments? |
| 650 | 1 | 4 |
_aBiología de la conservación _93740 |
| 650 | 1 | 4 |
_aCorredores ecológicos _975249 |
| 650 | 1 | 4 |
_aMovilidad de organismos _996242 |
| 041 | 0 | _aInglés | |
| 700 | 1 |
_aFarr, James A. _996243 |
|
| 700 | 1 |
_aCox, James _994844 |
|
| 700 | 1 |
_aMehlman, David W. _996244 |
|
| 100 | 1 |
_aSimberloff, Daniel _994845 |
|
| 942 | _cARTICULO | ||
| 773 | 1 |
_tConservation Biology _324 _h4 _q493-504 _d1992 _g6 |
|
| 999 |
_c11888 _d11888 |
||